LEADER 00500nam##22001337##450# 001 9910551575103321 010 $a9788849845372 100 $a########d########u##y0engy50####ba 105 0 $a########00### 200 1 $aStoria dell'Ordine di San Camillo : la provincia siculo-napoletana / Sabina Andreoni, Massimo C. Giannini, Giovanni Pizzorusso. 700 $aAndreoni, Sabina.$01024909 912 $a9910551575103321 996 $aStoria dell'Ordine di San Camillo : la provincia siculo-napoletana$92797818 997 $aUNINA LEADER 02483nam 2200565 a 450 001 9910781402403321 005 20230422050710.0 010 $a1-60086-199-7 010 $a1-60086-071-0 035 $a(CKB)2550000000072788 035 $a(EBL)3111626 035 $a(SSID)ssj0000646288 035 $a(PQKBManifestationID)12311322 035 $a(PQKBTitleCode)TC0000646288 035 $a(PQKBWorkID)10685226 035 $a(PQKB)11788750 035 $a(MiAaPQ)EBC3111626 035 $a(Au-PeEL)EBL3111626 035 $a(CaPaEBR)ebr10516731 035 $a(OCoLC)922978982 035 $a(EXLCZ)992550000000072788 100 $a19981204d1999 uy 0 101 0 $aeng 135 $aur|n|---||||| 181 $ctxt 182 $cc 183 $acr 200 10$aIntegrated navigation and guidance systems$b[electronic resource] /$fDaniel J. Biezad 210 $aReston, Va. $cAmerican Institute of Aeronautics and Astronautics$d1999 215 $a1 online resource (249 p.) 225 1 $aAIAA education series 300 $aDescription based upon print version of record. 311 $a1-56347-291-0 320 $aIncludes bibliographical references (p. 221-226) and index. 327 $a""Cover ""; ""Title ""; ""Copyright ""; ""Foreword ""; ""Table of Contents ""; ""Preface ""; ""Acknowledgements ""; ""Navigation over Earth's Surface ""; ""Newton's Laws Applied to Navigation ""; ""Inertial Navigation Sensors and Systems ""; ""Concept of Uncertainty in Navigation ""; ""Kalman Filter Inertial Navigation System Flight Applications ""; ""Global Positioning System ""; ""High Accuracy Navigation Using Global Positioning System ""; ""Differential and Carrier Tracking Global Positioning System Applications ""; ""Flight Testing Navigation Systems "" 327 $a""Navigation Computer Simulations """"Abbreviation and Acronyms ""; ""Discussion Questions for Integrated Navigation and Guidance Systems ""; ""Web Sites by Chapter ""; ""References ""; ""Subject Index "" 410 0$aAIAA education series. 606 $aAids to air navigation 606 $aGuidance systems (Flight) 615 0$aAids to air navigation. 615 0$aGuidance systems (Flight) 676 $a629.132/51 700 $aBiezad$b Daniel J.$f1944-$01513817 801 0$bMiAaPQ 801 1$bMiAaPQ 801 2$bMiAaPQ 906 $aBOOK 912 $a9910781402403321 996 $aIntegrated navigation and guidance systems$93748473 997 $aUNINA